[Event "ISR-chT 2018"]
[Site "Israel"]
[Date "2018.02.23"]
[Round "9"]
[White "Mikhalevski, Victor"]
[Black "Veinberg, Nimrod"]
[Result "1/2-1/2"]
[WhiteElo "2537"]
[BlackElo "2364"]
[Annotator "TA"]
[PlyCount "51"]
[EventDate "2018.??.??"]
[EventType "team-tourn"]
[EventCountry "ISR"]
[SourceTitle "playchess.com"]
[Source "ChessBase"]
[SourceQuality "1"]

{[%evp 11,51,0,0,-15,0,-68,15,-91,-91,-91,-85,-80,-91,-74,-83,-92,-44,-53,-52,-47,-52,-52,-54,-164,-158,-153,-147,-149,-111,-127,-109,-109,0,0,0,0,0,0,0,0,0,0]} 1. d4 Nf6 2. Nf3 e6 3. c4 d5 4. Bg5 {[%cal Bc1g5,Bg5h4,Bh4g3][%mdl 32]} h6 5. Bh4 g5 (5... Bb4+ 6. Nc3 dxc4 7. Qa4+ Nc6 8. e3 Bd7 9. Qc2 b5 10. a3 Bxc3+ 11. bxc3 Ne7 12. Ne5 Nf5 13. Bxf6 gxf6 14. Nxd7 Qxd7 15. a4 {½-½ (48) Eljanov,P (2729)-Khismatullin,D (2656) St Petersburg 2013}) 6. Bg3 {D30: Queen's Gambit Declined: Systems without Nc3} Ne4 {LiveBook: 3 Games} 7. Nfd2 Bg7 $146 ({Find the theoretical novelty and annotate with similar games:} 7... Nxg3 8. hxg3 Bg7 9. e3 c5 10. Nb3 cxd4 11. Nxd4 Nc6 12. Nxc6 bxc6 13. Nc3 {0-1 (37) Regez,M (2204)-Rindlisbacher,L (2319) Switzerland 2014}) 8. e3 (8. Nxe4 $11 dxe4 9. Nc3) 8... c5 (8... Nxg3 $15 9. hxg3 c5) 9. dxc5 (9. Be5 $11 Bxe5 10. dxe5) 9... Nxg3 $17 ({Much weaker is} 9... Nxc5 $6 10. Nc3 $14) 10. hxg3 Bxb2 11. Na3 Nd7 $36 {[%mdl 2048] Keeping White busy.} 12. Nb5 Nxc5 {[#]} 13. cxd5 $1 {[%mdl 512]} exd5 {Strongly threatening ...Bf5.} (13... Qxd5 14. Nc7+) 14. Qc2 Bxa1 15. Qxc5 {Hoping for Nc7+.} Qe7 $1 {[%cal Re7c5]} ({But not} 15... Be5 $6 16. Nc4 $1 $14 {[%mdl 512]}) 16. Nc7+ Kd8 17. Qc1 (17. Qxe7+ $15 Kxe7 18. Nxa8) 17... Qxc7 $19 18. Qxa1 Re8 19. Rxh6 Bg4 20. Bb5 Rc8 {( -> ...Qc1+)} 21. Nc4 {[#] Rd6+ is the strong threat.} Re6 ({Black should try} 21... Qe7 $1 $17 22. Nd6 Rf8) 22. Rxe6 $11 {The position is equal.} Bxe6 23. Qf6+ Qe7 24. Qh8+ Kc7 25. Qe5+ Kd8 26. Qh8+ {Precision: White = 49%, Black = 53%.} 1/2-1/2

[Event "ISR-chT 2018"]
[Site "Israel"]
[Date "2018.02.23"]
[Round "9"]
[White "Sivuk, Vitaly"]
[Black "Tratatovici, Dan"]
[Result "1-0"]
[WhiteElo "2524"]
[BlackElo "2199"]
[Annotator "TA"]
[PlyCount "75"]
[EventDate "2018.??.??"]
[EventType "team-tourn"]
[EventCountry "ISR"]
[SourceTitle "playchess.com"]
[Source "ChessBase"]
[SourceQuality "1"]

{[%evp 20,75,0,4,55,-6,42,33,29,16,0,29,60,54,66,54,87,82,91,88,143,139,175,136,146,79,189,126,267,246,276,273,253,114,123,107,116,114,139,92,180,169,195,144,264,253,283,105,140,122,134,126,147,127,187,138,1735,1675]} 1. Nf3 Nf6 2. g3 g6 3. Bg2 Bg7 4. O-O O-O 5. d4 d5 6. c4 dxc4 7. Na3 c3 8. bxc3 c5 9. Re1 Nc6 10. e4 Bg4 {D77: Grünfeldindisch (Fianchetto 6.0-0 nicht 6..c6)} 11. Bb2 {LiveBook: 6 Partien} b5 $146 (11... Nd7 $11) ({Vorgänger:} 11... e5 12. d5 Na5 13. c4 Ne8 14. Qa4 Bxf3 15. Bxf3 Nd6 16. Rac1 a6 17. Qc2 Rb8 18. Be2 {1-0 (64) Yu,Y (2751)-Savchenko,B (2566) Riadh 2017}) 12. Rb1 (12. h3 $14 Bxf3 13. Qxf3) 12... Qa5 {Die Stellung ist ausgeglichen.} 13. Qb3 Rab8 14. h3 Bxf3 15. Bxf3 c4 16. Qd1 $36 {[%mdl 2048] Droht e5 und aus. Weiss kämpft um Vorteil.} e5 {Weiss sollte ...exd4 verhindern.} 17. d5 Rfd8 18. Nc2 Bf8 19. Bc1 Rd7 (19... Qb6 $142) 20. Bg5 $16 Be7 21. Qc1 Nd8 22. Nb4 (22. a4 $142) 22... Bxb4 (22... Rd6 $16 {ist eine bessere Verteidigung.}) 23. Rxb4 (23. Bxf6 $18 Bc5 24. Qh6 (24. Bxe5 Rb6 $18)) 23... Qb6 (23... Ne8 $16 24. Be3 Nd6) 24. a4 a6 25. axb5 axb5 {[#]} 26. Qb2 (26. Rxb5 $1 $18 {[%mdl 512] ist der präzise Gewinnweg.} Qxb5 27. Bxf6) 26... Rdb7 27. Ra1 Nd7 28. Be3 Qc7 29. h4 h5 (29... Nc5 $16) 30. Be2 $18 Kg7 31. Kg2 ({Besser ist} 31. Ra6 $18) 31... Nb6 (31... f6 $16 32. Ra6 Nc5 33. Bxc5 Qxc5) 32. Qd2 Nd7 {[#]} 33. g4 $2 (33. Bxh5 $1 $18 {[%mdl 512] und Weiss behält klar die Oberhand. Droht stark Le2.} Nc5 (33... gxh5 34. Bh6+) 34. Bxc5 Qxc5 35. Bg4) 33... hxg4 34. Bxg4 Nc5 35. Bxc5 $1 Qxc5 36. h5 {[%cal Bh4h5,Bh5h6][%mdl 32]} Rb6 (36... Qd6 $16 {war angesagt.}) 37. Qg5 {Und weiter mit hxg6 wäre nett.} Rf6 $2 {[%mdl 8192]} (37... Qd6 $16 38. Ra5 Kf8) 38. h6+ {Precision: Weiß = 46%, Schwarz = 21%.} 1-0

[Event "ISR-chT 2018"]
[Site "Israel"]
[Date "2018.02.23"]
[Round "9"]
[White "Greenfeld, Alon"]
[Black "Mikhalevski, Alexander"]
[Result "1/2-1/2"]
[WhiteElo "2520"]
[BlackElo "2423"]
[Annotator "TA"]
[PlyCount "47"]
[EventDate "2018.??.??"]
[EventType "team-tourn"]
[EventCountry "ISR"]
[SourceTitle "playchess.com"]
[Source "ChessBase"]
[SourceQuality "1"]

{[%evp 15,47,0,0,0,0,0,-4,-3,0,0,0,0,34,23,105,104,114,116,118,125,119,129,133,116,134,112,117,125,170,161,152,0,0,-123]} 1. c4 e6 2. g3 d5 3. Bg2 dxc4 4. Qa4+ Nd7 5. Qxc4 a6 6. Qb3 Ngf6 7. Nf3 Rb8 8. d4 {A13: English Opening: 1...e6} (8. O-O b5 9. d4 Bb7 10. Bf4 Bd6 11. Nbd2 Bxf4 12. gxf4 c5 13. dxc5 Nxc5 14. Qe3 Qe7 15. Rac1 Rc8 {½-½ (80) Zhou,J (2606)-Andreikin,D (2720) Baku 2015}) 8... b5 {LiveBook: 6 Games} 9. Ne5 Nxe5 10. dxe5 Nd7 11. O-O $146 ({Find the theoretical novelty and annotate with similar games:} 11. Bf4 c5 12. O-O Be7 13. Nd2 O-O 14. Rfd1 Qc7 15. Ne4 Nxe5 {½-½ (74) Stoeckert,M (2459)-Kharlamov,V (2487) ICCF email 2011}) 11... Nxe5 12. Rd1 Bd6 13. Bf4 {Bxe5 is the strong threat.} Qf6 14. Nc3 $36 {[%mdl 2048] White is more active.} O-O (14... Qe7 $1 $11) 15. Ne4 $16 Qe7 16. Nxd6 cxd6 17. Qb4 {aiming for Bxe5.} Nc4 {[#]} 18. b3 $1 {[%cal Bb2b3,Bb3c4][%mdl 1056] White has strong compensation.} g5 19. Bc1 ({Don't play} 19. bxc4 $6 gxf4 20. cxb5 (20. Rxd6 a5 $14) (20. Qxd6 Qxd6 21. Rxd6 bxc4 $11) (20. gxf4 a5 $14) 20... fxg3 $14) 19... Qf6 {Hoping for ...a5.} 20. Rb1 a5 21. Qe1 Qg6 22. bxc4 Qxb1 {[#]} 23. Bxg5 $2 (23. Ba3 $1 $16 Qc2 24. Rc1 Qxa2 25. Bxd6) 23... Qb4 $11 24. Be7 {Precision: White = 84%, Black = 56%.} (24. Bd2 $1 $11 Qxc4 25. Bh6) 1/2-1/2

[Event "ISR-chT 2018"]
[Site "Israel"]
[Date "2018.02.23"]
[Round "9"]
[White "Rozentalis, Eduardas"]
[Black "Lev, Ronen"]
[Result "0-1"]
[WhiteElo "2520"]
[BlackElo "2350"]
[Annotator "TA"]
[PlyCount "57"]
[EventDate "2018.??.??"]
[EventType "team-tourn"]
[EventCountry "ISR"]
[SourceTitle "playchess.com"]
[Source "ChessBase"]
[SourceQuality "1"]

{[%evp 12,57,2,-2,0,-10,27,18,22,15,25,23,29,29,19,20,18,25,37,29,18,17,17,14,15,0,0,0,14,0,0,0,0,0,0,0,0,0,0,0,0,0,4,11,25,0,11,0]} 1. e4 e5 2. Nc3 Nc6 3. g3 Bc5 4. Nf3 a6 5. Bg2 d6 6. d3 Nge7 7. O-O O-O {C25: Vienna Game: Alternatives to 2...Nf6} 8. Nh4 $146 ({Predecessor:} 8. Be3 Bxe3 9. fxe3 Bd7 10. Nh4 g6 11. d4 Kg7 12. Qd2 f6 13. Rf2 Qb8 14. Nd5 Nxd5 15. exd5 {½-½ (28) Charbonneau,P (2500)-Ivanov,A (2540) Southampton 2009}) 8... f5 9. exf5 Nxf5 10. Nxf5 Bxf5 11. Be3 Bxe3 12. fxe3 Qd7 13. Bd5+ Kh8 $1 14. Qf3 {[#] Hoping for g4!} Qe8 15. Rf2 (15. g4 {feels hotter.} Bd7 16. Qg3 Qe7 17. g5 Be6 18. g6) 15... Bh3 16. Qxf8+ Qxf8 17. Rxf8+ Rxf8 18. Bxc6 bxc6 $11 {[%mdl 4096] Endgame KRB-KRN} 19. Ne4 c5 20. a3 a5 21. a4 Kg8 22. b3 h6 23. Nd2 Be6 24. Rb1 Kf7 25. Nc4 Ra8 26. e4 Ke7 27. Kg2 Ra7 28. Ne3 Ra8 29. Rf1 {[%mdl 32768] Precision: White = 54%, Black = 65%. . Loss on Time!?} 0-1

[Event "ISR-chT 2018"]
[Site "Israel"]
[Date "2018.02.23"]
[Round "9"]
[White "Zoler, Dan"]
[Black "Boruchovsky, Avital"]
[Result "1-0"]
[WhiteElo "2502"]
[BlackElo "2546"]
[Annotator "TA"]
[PlyCount "145"]
[EventDate "2018.??.??"]
[EventType "team-tourn"]
[EventCountry "ISR"]
[SourceTitle "playchess.com"]
[Source "ChessBase"]
[SourceQuality "1"]

{[%evp 28,145,-16,-29,-16,-22,-24,-41,-29,-62,-74,-83,-85,-118,-103,-131,-86,-86,-95,-89,-63,-72,-69,-72,-72,-109,0,0,33,0,89,0,0,0,0,0,0,0,96,94,277,0,0,0,0,-102,-127,-172,251,251,251,251,251,251,255,255,262,251,251,251,251,251,251,251,251,251,251,251,251,251,251,251,258,258,251,244,244,244,258,244,367,350,381,371,360,347,354,336,329,309,325,300,294,263,253,253,381,376,321,241,462,462,462,462,462,462,462,462,462,462,462,458,458,458,451,447,451,435,414,407]} 1. d4 Nf6 2. c4 e6 3. Nf3 d5 4. Nc3 c6 5. e3 Nbd7 6. Bd3 dxc4 7. Bxc4 b5 8. Be2 Bb7 9. O-O Be7 10. e4 b4 11. e5 bxc3 12. exf6 Bxf6 13. bxc3 c5 {D47: Semi-Slav: Meran System} 14. Rb1 (14. dxc5) 14... Be4 15. Bd3 {LiveBook: 4 Games} Bxd3 {Black has an edge.} 16. Qxd3 O-O 17. Rd1 Qa5 18. Rb5 $146 ({Predecessor:} 18. Rb7 Nb6 19. Nd2 cxd4 20. Ne4 Bd8 21. Qg3 {½-½ (47) Balutescu,M (2329)-Sergeev,V (2428) ICCF email 2013}) 18... Qxa2 19. dxc5 Rfd8 20. Qf1 a6 21. Rb2 Qa4 22. Be3 Bxc3 23. Rbb1 Ne5 24. Rdc1 Nxf3+ 25. gxf3 Be5 $1 26. c6 Rdc8 (26... Qh4 $17 {[%csl Ge5][%cal Rh4h2]} 27. h3 Qf6) 27. Rc4 $11 Qa2 28. Rb7 {[%mdl 1024] White has compensation.} a5 (28... Bc7 $11) 29. f4 (29. c7 $16) 29... Bc7 30. Qd3 Qa1+ 31. Kg2 Qf6 $1 32. Qd7 $36 {[%mdl 2048] White is more active.} Qg6+ (32... Rd8 $1 $11 33. Qxc7 Qg6+ 34. Kh3 Qh5+ 35. Kg3 Qg6+ 36. Kf3 Qh5+ 37. Kg3 Qg6+ 38. Kh4 Qh6+ 39. Kg3 Qg6+) 33. Kf1 $16 {And now Rc1 would win.} Rd8 $2 {[#]} (33... h6 $16) 34. Rxc7 $2 ({Stronger than} 34. Qxc7 Qd3+ 35. Kg2 Qg6+ 36. Kh3 Qh5+ 37. Kg3 Qg6+ 38. Kf3 Qh5+ 39. Kg3 Qg6+ 40. Kh4 Qh6+ 41. Kg3 Qg6+ $11) (34. f5 $1 $18 {[%cal Rf5g6]} Qxf5 35. Qxc7) 34... Rxd7 $11 35. cxd7 {White threatens Rc8+ and mate.} Rd8 36. Rd4 {[#]} (36. Ke1 $11 {remains equal.} Qb1+ 37. Rc1 Qb4+ 38. Bd2 Qe4+ 39. Be3 Qb4+ 40. Bd2 Qe4+ 41. Be3 Qb4+) 36... Qb1+ $1 $17 37. Rc1 Qb7 $4 {[%mdl 8192] [#]} (37... Qb8 $19 {aiming for ...Rxd7!} 38. Kg1 h6) 38. Rc8 $1 $18 {[%cal Rc8d8][%mdl 512]} Qxc8 (38... Rxc8 39. d8=Q+) 39. dxc8=Q Rxc8 {[%mdl 4096] Endgame KRB-KR} 40. Ra4 f6 41. Rxa5 Kf7 42. Kg2 Kg6 43. Rc5 Ra8 44. Rc6 Kf5 45. Rc7 Kg6 46. Re7 Ra6 47. Kf3 Rc6 48. Ke4 Ra6 49. Ra7 Rc6 50. Rb7 Rc4+ 51. Kd3 Ra4 52. Re7 Ra6 53. Kc4 h5 (53... Rd6 {was necessary.} 54. Kc5 Ra6) 54. h3 Kh7 55. Ra7 Rd6 56. Bd4 Kh6 57. Rb7 Kg6 58. Bc5 Rd2 59. Re7 Rc2+ 60. Kb4 Rc1 61. Rxe6 Rh1 (61... Kf5 {keeps fighting.} 62. Rd6 Kxf4) 62. Re3 Kf5 63. Rg3 h4 $2 (63... Kxf4 64. Kc4 (64. Rxg7 Rxh3 65. Rf7 Kg5 $18) 64... Ke4 65. Re3+ Kf5) 64. Rxg7 Rxh3 65. Be3 Rh1 66. Kc4 h3 67. Rh7 Ke4 {[#]} 68. f5 $1 h2 (68... Kxf5 69. Rh4) 69. Rh4+ Kxf5 70. Kc3 Ke5 71. Kd2 ({Don't play} 71. Bf4+ Ke4 $18) 71... f5 72. Ke2 Kd5 73. Kf3 {Precision: White = 69%, Black = 49%.} 1-0

[Event "ISR-chT 2018"]
[Site "Israel"]
[Date "2018.02.23"]
[Round "9"]
[White "Kobo, Ori"]
[Black "Slonimskij, Arkadij"]
[Result "1-0"]
[WhiteElo "2482"]
[BlackElo "2100"]
[Annotator "TA"]
[PlyCount "83"]
[EventDate "2018.??.??"]
[EventType "team-tourn"]
[EventCountry "ISR"]
[SourceTitle "playchess.com"]
[Source "ChessBase"]
[SourceQuality "1"]

{[%evp 21,83,19,19,14,29,30,37,20,58,43,61,8,8,8,8,7,22,25,20,25,9,12,170,159,293,284,284,284,284,264,334,335,462,393,401,400,416,338,431,426,479,489,471,484,545,529,525,512,568,560,582,567,572,583,629,618,669,653,854,845,916,891,983,979]} 1. Nf3 d5 2. g3 c5 3. Bg2 Nc6 4. d4 e6 5. O-O Nf6 6. c4 cxd4 7. Nxd4 Qb6 8. Nxc6 bxc6 9. Qc2 {E01: Catalan: Early deviations} (9. Nc3 Be7 10. cxd5 cxd5 11. e4 O-O 12. exd5 Rd8 13. Qc2 Nxd5 14. Nxd5 exd5 15. Be3 Qa5 16. Bd4 Bg4 17. Qd3 Bf8 18. a3 Bh5 {½-½ (51) Sharif,M (2363)-Hamdouchi,H (2586) Chartres 2017}) 9... Ba6 10. b3 Be7 11. Nc3 $146 ({Predecessor:} 11. Bb2 O-O 12. Nd2 Rac8 13. e4 d4 14. e5 Nd7 15. Qe4 c5 16. f4 Rb8 {½-½ (33) Delorme,A (2306)-Duboue,P (2156) Sautron 2011}) 11... O-O {LiveBook: 3 Games} 12. Na4 Qd8 13. Rd1 Rc8 14. Bb2 Nd7 15. Rac1 Nb6 16. Nc3 ({White should try} 16. Nxb6 $14 Qxb6 17. e3) 16... Qc7 $11 17. cxd5 cxd5 18. Qb1 {[%cal Rc3d5] [#] Nxd5 is the strong threat.} Qb8 19. e4 dxe4 20. Nxe4 Rxc1 21. Qxc1 Rc8 $2 {[#]} (21... Rd8 $11) 22. Qa1 $1 $18 Bf8 (22... f6 $16) 23. Be5 Rc7 24. Bxc7 Qxc7 25. Qc3 Qxc3 26. Nxc3 f6 27. Bf1 Bb7 28. Nb5 a5 29. Bg2 Bxg2 30. Kxg2 {[%mdl 4096] Endgame KRN-KBN. White is clearly winning.} Nd5 31. Rc1 Kf7 32. Rc8 Nb4 33. a3 {[%cal Ba2a3,Ba3a4,Ba4a5,Ba5a6][%mdl 32]} Nd3 34. Ra8 Bc5 35. Rxa5 Bxf2 36. a4 e5 37. Ra8 Bc5 38. a5 e4 39. Nc3 e3 40. a6 Kg6 41. Rc8 Bd4 42. Ne2 {Precision: White = 81%, Black = 22%.} 1-0

[Event "ISR-chT 2018"]
[Site "Israel"]
[Date "2018.02.23"]
[Round "9"]
[White "Reshef, Omer"]
[Black "Rechlis, Gad"]
[Result "1-0"]
[WhiteElo "2472"]
[BlackElo "2541"]
[Annotator "TA"]
[PlyCount "83"]
[EventDate "2018.??.??"]
[EventType "team-tourn"]
[EventCountry "ISR"]
[SourceTitle "playchess.com"]
[Source "ChessBase"]
[SourceQuality "1"]

{[%evp 23,83,22,23,0,0,0,14,0,68,55,33,35,33,42,33,41,34,0,1,0,33,33,66,59,73,59,66,59,60,64,139,163,144,110,145,77,92,50,450,444,648,673,716,714,714,714,697,695,864,862,850,833,795,682,1051,1062,1035,1018,1306,1332,1710,1702]} 1. e4 c5 2. Nf3 d6 3. d4 cxd4 4. Nxd4 Nf6 5. Nc3 a6 6. Be3 Ng4 7. Bg5 {[%cal Be3g5,Bg5h4,Bh4g3][%mdl 32]} h6 8. Bh4 g5 9. Bg3 Bg7 10. h3 Ne5 11. Be2 Nbc6 {B90: Sizilianisch (Najdorf-Variante, Abweichungen)} 12. Nb3 b5 {LiveBook: 9 Partien} (12... Ng6 13. Qd2 Be6 14. O-O Rc8 15. Rad1 Be5 16. Kh1 Bf4 17. Qe1 h5 18. Nc5 Nce5 19. Nxe6 fxe6 {½-½ (41) Bruzon Batista,L (2615)-Xiong,J (2647) Atlantic City 2016}) 13. O-O Ng6 {Die Stellung ist ausgeglichen.} 14. Qd2 Be6 $146 ({Vorgänger:} 14... O-O 15. Nd1 Qb6 16. c3 Nce5 17. Ne3 Bb7 18. Nd5 Qd8 19. Rfd1 {½-½ (45) Klapp,H (2260)-Schultheiss,K (2324) ICCF 2016}) 15. Rad1 h5 (15... b4 $11 16. Nd5 Bxb2) 16. Nd5 $1 $14 g4 17. h4 Nce5 18. Nd4 Bxd5 19. exd5 Bf6 20. Nf5 Qd7 21. Bd3 Rc8 22. c3 Rc5 23. Bb1 a5 24. Rfe1 Qc7 25. a3 {[%cal Ba2a3,Ba3a4][%mdl 32]} Qb6 26. Qe3 b4 (26... Qa6 $14) 27. cxb4 $16 axb4 28. a4 Kd7 29. Nd4 (29. Qb3 $142) 29... Rxd5 {[#]} 30. Bf5+ $1 Ke8 $2 {[%mdl 8192]} (30... e6 $1 $14 31. Nxe6 Qxe3 32. Nd4+ Kc7 33. fxe3 (33. Rxe3 Rxd4 34. Rxd4 Nf3+ 35. gxf3 Bxd4 $16) 33... Bxh4 34. Bxh4 Nxh4) 31. Rc1 $18 {zielt auf Tc8+ ab.Weiß steht klar auf Gewinn.} e6 {[#]} (31... Qa6 $142 32. Rc8+ Qxc8 33. Bxc8 Rxd4) 32. Rc8+ $1 Bd8 33. Nxe6 {Schwarz muss nun Dxb6 beachten.} Qxe3 34. Nc7+ (34. Rxe3 $2 {zu gefräßig.} fxe6 35. Bxe6 Rd2 $19) ({Nicht} 34. Rxd8+ Ke7 $14) 34... Kf8 35. fxe3 Nf3+ 36. gxf3 Rxf5 37. Rxd8+ Kg7 38. Rxh8 Rxf3 39. Rxh5 Rxg3+ 40. Kf2 Rf3+ 41. Kg2 Rh3 42. a5 {Precision: Weiß = 63%, Schwarz = 39%.} 1-0

[Event "ISR-chT 2018"]
[Site "Israel"]
[Date "2018.02.23"]
[Round "9"]
[White "Givon, Asaf"]
[Black "Caspi, Israel"]
[Result "1/2-1/2"]
[WhiteElo "2467"]
[BlackElo "2465"]
[Annotator "TA"]
[PlyCount "37"]
[EventDate "2018.??.??"]
[EventType "team-tourn"]
[EventCountry "ISR"]
[SourceTitle "playchess.com"]
[Source "ChessBase"]
[SourceQuality "1"]

{[%evp 20,37,25,27,27,21,25,35,35,36,30,18,10,13,11,0,16,0,9,0]} 1. e4 d5 2. exd5 Qxd5 3. Nc3 Qd6 4. d4 {[%cal Bd2d4,Bd4d5][%mdl 32]} Nf6 5. Nf3 a6 6. g3 Bg4 7. Bg2 {B01: Scandinavian Defence} Nc6 8. O-O O-O-O 9. d5 (9. h3 Bh5 10. Bf4 Qb4 11. g4 Bg6 12. a3 Qxb2 13. Qe1 e6 14. Ne5 Nd5 15. Nxd5 exd5 16. Nxc6 bxc6 {1-0 (25) Vovk,A (2635)-Kallai,G (2475) Hungary 2017}) 9... Ne5 10. Bf4 Nxf3+ 11. Bxf3 {LiveBook: 38 Games} Bxf3 12. Qxf3 e5 13. dxe6 Qxe6 14. Bg5 Bd6 15. Rfe1 $146 Be5 {The position is equal.} 16. Na4 {[#] And now Nc5 would win.} Rd5 17. Nc3 Rdd8 18. Na4 {aiming for Nc5.} Rd5 $1 19. Nc3 1/2-1/2

[Event "ISR-chT 2018"]
[Site "Israel"]
[Date "2018.02.23"]
[Round "9"]
[White "Iakymov, Volodymyr"]
[Black "Zubov, Alexander"]
[Result "1/2-1/2"]
[WhiteElo "2440"]
[BlackElo "2612"]
[Annotator "TA"]
[PlyCount "43"]
[EventDate "2018.??.??"]
[EventType "team-tourn"]
[EventCountry "ISR"]
[SourceTitle "playchess.com"]
[Source "ChessBase"]
[SourceQuality "1"]

{[%evp 18,43,-20,-22,0,-9,-9,-6,-6,-11,-7,-16,-11,-17,0,0,0,0,8,14,9,0,12,15,5,0,5,7]} 1. e4 Nc6 2. d4 e5 3. Nf3 exd4 4. Nxd4 Bc5 5. Be3 Bb6 6. Nc3 Nf6 7. Nxc6 bxc6 {C47: Scotch Four Knights and Four Knights with 4 g3} (7... dxc6 8. Qxd8+ Kxd8 9. O-O-O+ Ke7 10. Bxb6 axb6 11. f3 b5 12. a3 Be6 13. Bd3 h5 14. Rhe1 h4 15. Bf1 {0-1 (60) Butkiewicz,L (2429)-Ivanisevic,I (2646) Zalakaros 2016}) 8. Bxb6 axb6 9. Bd3 O-O 10. O-O {LiveBook: 4 Games. The position is equal.} Re8 11. Re1 d5 12. exd5 cxd5 13. Rxe8+ $146 ({Predecessor:} 13. Bb5 Rxe1+ 14. Qxe1 Bb7 15. a3 {0-1 (40) Van der Lingen,C (1826)-Garbowski,J (2030) Khanty-Mansiysk 2016}) 13... Qxe8 14. Qe2 Qd7 15. Qe5 Bb7 16. Nb5 c5 {[#] White must now prevent ...c4.} 17. Nd6 Rd8 18. Nxb7 Qxb7 19. Bb5 Qb8 20. Qxb8 Rxb8 21. f3 Ne8 22. Bxe8 1/2-1/2

[Event "ISR-chT 2018"]
[Site "Israel"]
[Date "2018.02.23"]
[Round "9"]
[White "Oratovsky, Michael"]
[Black "Gurbanov, Andrei"]
[Result "1-0"]
[WhiteElo "2438"]
[BlackElo "2345"]
[Annotator "TA"]
[PlyCount "119"]
[EventDate "2018.??.??"]
[EventType "team-tourn"]
[EventCountry "ISR"]
[SourceTitle "playchess.com"]
[Source "ChessBase"]
[SourceQuality "1"]

{[%evp 20,119,38,33,50,43,38,35,90,77,89,28,46,34,91,35,35,37,43,46,44,44,79,79,72,72,76,71,89,89,102,109,93,116,125,122,162,156,154,95,142,133,150,93,91,74,131,130,141,0,129,0,139,137,237,159,205,165,177,147,162,161,170,151,139,145,222,222,234,196,197,185,184,196,168,152,159,114,167,134,216,210,189,197,369,386,371,359,576,563,569,508,910,881,1080,1010,1153,1111,1545,1452,1087,1057]} 1. e4 e5 2. Nf3 Nc6 3. Bc4 Bc5 4. c3 Nf6 5. d3 d6 6. Nbd2 a6 7. Bb3 Ba7 8. Nf1 Ne7 {C54: Giuoco Piano: 4 c3 Nf6, main lines with 5 d4 and 5 d3} (8... Be6 9. Ng3 O-O 10. O-O h6 11. h3 Bxb3 12. axb3 Re8 13. Nf5 d5 14. Qe2 Qd7 15. N3h4 Rad8 16. Qf3 dxe4 17. dxe4 {0-1 (48) Miton,K (2584)-Van Foreest,J (2629) Riadh 2017}) 9. Ng3 h6 10. O-O O-O 11. h3 {LiveBook: 4 Games} c5 12. Nh4 $146 ({Find the theoretical novelty and annotate with similar games:} 12. Nh2 Ng6 13. Ng4 Nxg4 14. hxg4 Nf4 15. Nf5 Bxf5 16. exf5 Rc8 17. Qf3 {0-1 (55) Rincon Gonzalez,R (1883)-Ramirez Gonzalez,M (1717) Armenia 2013}) 12... d5 13. Qf3 dxe4 (13... Qd6 $14) 14. dxe4 $16 {Strongly threatening Bxh6!} Qb6 15. Nh5 (15. Rd1 $16) 15... Nxh5 $11 16. Qxh5 Qc6 (16... Qf6 $14) 17. Nf3 ({White should play} 17. Qxe5 $16 Re8 18. Qh5) 17... Qxe4 $14 18. Re1 Qg6 19. Qxg6 Nxg6 20. Nxe5 Bf5 21. Nxg6 Bxg6 22. Bd5 $36 {[%mdl 2048] White is really pushing.} Rae8 23. Bf4 b5 24. Bb7 a5 25. Bc6 Rxe1+ 26. Rxe1 b4 27. Bc7 bxc3 28. bxc3 f6 29. Bd5+ (29. Bxa5 $142 Rb8 30. a4) 29... Kh7 30. Bxa5 Rb8 31. Bb3 (31. a4 $142) 31... Rb7 $16 32. c4 Rd7 ({Black should try} 32... Bb8) 33. Rd1 Re7 34. Re1 Rd7 $1 35. Rd1 Re7 $1 36. Kf1 Re4 (36... Rb7 $16 {might work better.} 37. f3 Kg8) 37. Rd8 Re7 38. f3 Rb7 39. Bd2 Bb6 40. Rd6 Bc7 41. Rd7 Bf5 42. Rd5 $1 {[%csl LRc5,LRf5]} Bb1 (42... Bg6 $16 43. Be3 (43. Rxc5 Bd3+ 44. Ke1 Bg3+ 45. Kd1 Bf1 $16) 43... Bb6) 43. Be3 $18 Bg3 44. Rd1 ({Don't do} 44. Bxc5 Bxa2 45. Bxa2 Rb2) 44... Re7 45. Bf2 ({Much less strong is} 45. Rxb1 $6 Rxe3 46. a4 Re6 $16) 45... Bxf2 46. Kxf2 {[%mdl 4096] Endgame KRB-KRB} Bg6 47. Rd5 Rc7 48. Ke3 h5 (48... Kg8 $16 49. a4 Kf8) 49. h4 Kh6 (49... Kg8 $16 50. Ba4 Kf7 51. Rd7+ Rxd7 52. Bxd7 Ke7) 50. Kd2 Bf7 {[#]} 51. Rd6 $1 Re7 $2 (51... Be8 52. Kc3 Ra7) 52. Rc6 Rd7+ 53. Kc3 Rd4 $2 (53... g5 {was worth a try.} 54. Rxf6+ Kg7) 54. a4 {[%cal Ba2a4,Ba4a5,Ba5a6,Ba6a7][%mdl 32] White is clearly winning.} Rxh4 55. Rxc5 Rh2 (55... Rh1 $142 56. a5 Bg6) 56. a5 Rxg2 57. a6 Re2 58. Rc7 Bg6 59. a7 Re8 60. Ba4 {Precision: White = 72%, Black = 41%.} 1-0